The theory of equations with an introduction to the theory of binary algebraic forms
में बचाया:
| मुख्य लेखकों: | , |
|---|---|
| स्वरूप: | पुस्तक |
| भाषा: | अंग्रेज़ी |
| प्रकाशित: |
Nueva York
Dover
1960
|
| श्रृंखला: | Dover Books on Science
|
| विषय: | |
| टैग: |
टैग जोड़ें
कोई टैग नहीं, इस रिकॉर्ड को टैग करने वाले पहले व्यक्ति बनें!
|
MARC
| LEADER | 00000nam a2200000 a 4500 | ||
|---|---|---|---|
| 001 | UCP1614 | ||
| 003 | CL-VaPUC | ||
| 008 | 990416e19600000US |||||||||||||||||eng|d | ||
| 082 | 0 | 4 | |a 512.94 |b BUR |2 21 |
| 100 | 0 | |a Burnside, William Snow |e author |9 427760 | |
| 700 | 0 | |a Panton, Arthur William |e author |9 427761 | |
| 245 | 1 | 4 | |a The theory of equations with an introduction to the theory of binary algebraic forms |
| 300 | |a v | ||
| 942 | |c BK | ||
| 945 | |d 19990416 00:00:00 |a crobeson | ||
| 260 | |a Nueva York |b Dover |c 1960 | ||
| 650 | 7 | |a TEORIA DE ECUACIONES |2 CL-VaPUC |9 270318 | |
| 650 | 7 | |a TRANSFORMACIONES |2 CL-VaPUC |9 427762 | |
| 650 | 7 | |a DETERMINANTES |2 CL-VaPUC |9 427763 | |
| 650 | 7 | |a GRUPOS |2 CL-VaPUC |9 336429 | |
| 583 | |a last modification |c 19990416 00:00:00 |k Rodrigo Vera | ||
| 490 | 0 | |a Dover Books on Science | |
| 999 | |c 280281 |d 280279 | ||
| 952 | |0 0 |1 0 |4 0 |6 512_940000000000000_BUR_1960 |7 0 |8 A |9 320529 |a BIBMAT |b BIBMAT |d 2019-11-20 |h v.2 |i 1343424 |o 512.94 BUR 1960 |p 1343424 |r 2025-01-07 |w 2019-11-20 |y BK |k MAT | ||